01006 2200313 4500001002100000005001500021035002000036007000300056008004100059020002200100040002200122082001700144084001900161090002200180100002800202245013700230250003300367300004300400650002200443700003200465850001200497264004500509336002100554337003000575338002300605999002200628990002200650990002000672INLIS00000000086085220210609110637 a0010-0621000387ta210609s2021 yoia g p ind d a978-623-91794-1-0 aYOPDYOGbinderda04223a899.2211 a899.2211 MUH j aCB-D.11 2021-04640 aMuhammad Jihadepenulis10aJanji kecil di Bantul :bkumpulan puisi /cpenulis, Muhammad Jihad, Supadmiyati; penyunting, Rohadi D Winarta; ilustrasi, Septiana W aCetakan pertama: Maret, 2021 axvi, 127 halaman :bilustrasi ;c21 cm 4aPuisi--xKumpulan0 aSupadmiyatid1961-epenulis aYOPDYOG31aBantul :bPaguyuban Teater Bantul,c2021 2rdacontentateks 2rdamediaatanpa perantara 2rdacarrieravolume aCB-D.11/2021-0464 aCB-D.11/2021-0464 a66886-PD/A.2021